| 000 | 00903nam a2200217 a 4500 | ||
|---|---|---|---|
| 005 | 20210223125933.0 | ||
| 008 | 050523s2002 mx 000 0 spa d | ||
| 020 | _a9701507533 | ||
| 035 | _aUPN01000144712 | ||
| 049 | _aCG | ||
| 050 | 4 |
_aTK5105.8885 D7.4 _bP4.2 |
|
| 100 | 1 |
_aPérez López, César _929850 |
|
| 245 | 1 | 0 |
_aAdministración de sitios y páginas Web con macromedia Dreamweaver 4 / _cCésar Pérez López. |
| 260 |
_aMéxico : _bAlfaomega : _bRa-Ma, _cc2002. |
||
| 300 |
_axvii, 544 p. : _bil. + _e1 CD-ROM ; 4 3/4 plg. |
||
| 500 | _aEl CD-ROM incluye una versión de demostración (trial) de los programas Macromedia Dreamweaver, Flash y Fireworks en idioma inglés. Solicítalo en el Departamento de Documentación | ||
| 650 | 4 |
_aDREAMWEAVER (ARCHIVO PARA COMPUTADORA) _914225 |
|
| 650 | 4 |
_aSITIOS WEB - _xPROGRAMAS DE AUTOR |
|
| 650 | 4 |
_aSITIOS WEB - _xDISEÑO _97669 |
|
| 905 | _aLibro | ||
| 999 |
_c116859 _d116859 |
||